000 nam a22 a 4500
999 _c2070
_d2070
005 20170515105604.0
008 170515b1983 ii ||||| |||| 00| 0 eng d
020 _a0803994788 (pbk) :
020 _a80399477X (cased) :
_c£12.00
040 _aAKMAL
082 _a355.0335 SEN
090 _a355.0335
_bSEN
100 1 _aSen Gupta, Bhabani
_d1921
_94267
245 1 0 _aNuclear weapons? :
_bpolicy options for India
_cBhabani Sen Gupta and Centre for Policy Research, New Delhi.
260 _aNew Delhi ;
260 _aLondon
_bSage,
_c1983.
300 _ax,122p. ;
_c23cm
500 _aBased on discussions at a seminar convened by the CPR in Apr. 1982, and related background papers.
599 _aDALAM PROSES
650 0 _aNuclear weapons
_xGovernment policy
_zIndia.
_94268
710 2 _aCentre for Policy Research (New Delhi, India)
_94269
852 4 1 _aBritish Library
_bDSC
852 4 1 _aBritish Library
_bOC
852 4 1 _aBritish Library
_bHMNTS
942 _2ddc
_cBOOK